• 首页
  • 本馆介绍
  • 公告通知
  • 最新文献
  • 馆藏检索
  • 电子资源
  • 读者导购
  • 参考咨询
  • 我的图书馆
  • 登录
  • 详细信息显示
  • 放入我的书架
  • 预约/预借图书
  • 作者相关作品
  • 分类相关作品
  • 丛书相关作品
  • 出版社相关作品

书目信息

  • 表格格式
  • 工作单格式
  • 卡片格式
题名:
曾国藩治学方法
    
 
作者: 胡哲敷, 著
分册:  
出版信息: 济南   泰山出版社  2022.02
页数: 238页
开本: 23cm
丛书名:
单 册:
中图分类: G795 , K827=52
科图分类:
主题词: 治学方法--zhi xue fang fa--中国--清代
电子资源:
ISBN: 978-7-5519-0679-1
000 01245nam0 2200265 450
001 012001000081
005 20140131101531.0
010    @a978-7-5519-0679-1@dCNY48.00
099    @aCAL 012022049378
100    @a20220905d2022 em y0chiy50 ea
101 0  @achi
102    @aCN@b370000
105    @ay z 000yd
106    @ar
200 1  @a曾国藩治学方法@Azeng guo fan zhi xue fang fa@f胡哲敷著
210    @a济南@c泰山出版社@d2022.02
215    @a238页@d23cm
330    @a本书是一部民国史家对曾国藩的解读,它堪称一部精神的冶炼志,有关人生的各个方面,居官、同僚、子女、养生、读书、观人、器量、骄奢、淡泊、挫辱、坚忍,自省、笃实等等,在作者凝重的笔触下,对一个普通读书人变成巍峨君子的精神冶炼历程,给予了淋漓尽致的、有震撼力的叙述,让读者了解曾国藩是如何成为修身、齐家、治国、平天下的集大成者,通过这本书,我们能看到曾国藩由一个读书人变成一个君子的艰难历程。全书观点鲜明精当,见解深刻独到,是曾国藩治学研究上的一部不可多得的力作。
600  0 @a曾国藩,@Azeng guo fan@f1811-1872@x治学方法
606 0  @a治学方法@Azhi xue fang fa@y中国@z清代
690    @aG795@v5
690    @aK827=52@v5
701  0 @a胡哲敷,@AHu Zhefu@f1898-?@4著@3CAL n2011005974#@7jt0yjt0y@7ec0yec0y
801  0 @aCN@bAHXH@c20221111
905    @b1363714-8@dG795@e2704@f5
    
    曾国藩治学方法/胡哲敷著.-济南:泰山出版社,2022.02
    238页;23cm
    
    
    ISBN 978-7-5519-0679-1:CNY48.00
    本书是一部民国史家对曾国藩的解读,它堪称一部精神的冶炼志,有关人生的各个方面,居官、同僚、子女、养生、读书、观人、器量、骄奢、淡泊、挫辱、坚忍,自省、笃实等等,在作者凝重的笔触下,对一个普通读书人变成巍峨君子的精神冶炼历程,给予了淋漓尽致的、有震撼力的叙述,让读者了解曾国藩是如何成为修身、齐家、治国、平天下的集大成者,通过这本书,我们能看到曾国藩由一个读书人变成一个君子的艰难历程。全书观点鲜明精当,见解深刻独到,是曾国藩治学研究上的一部不可多得的力作。
●
相关链接 在E读中查询图书 在五车中查询图书 在当当中查询图书 在豆瓣中查询图书


正题名:曾国藩治学方法     索取号:G795/2704         预约/预借

序号 登录号 条形码 馆藏地/架位号 状态 备注
1 1363714   213637144   第一样本阅览室/ [索取号:G795/2704] 在馆    
2 1363715   213637153   教育系资料室/ [索取号:G795/2704] 在馆    
3 1363716   213637162   教育系资料室/ [索取号:G795/2704] 在馆    
4 1363717   213637171   第四借阅区/ [索取号:G795/2704] 在馆    
5 1363718   213637180   第四借阅区/ [索取号:G795/2704] 在馆    
唐山师范学院图书馆 欢迎您!
大连网信软件有限公司© 版权所有